00931nam a22002175i 450000100060000000300090000600500170001500700030003200800410003508000150007610000490009124501460014026000730028630000210035959400710038065000350045171000390048685200240052599900170054995201470056668675ES-MaACL20250809042453.0t|960813s1858 sp ||||1| spa d a341.231.141 aGayoso de la Rua, Francisco de Borja.95615410aDiscurso leído en la Universidad Central... en el acto de recibir la investidura de doctor / cpor ... Francisco de Borja Gayoso de la Rua. aMadrid : b[s.n.], c1858 (fImp. de Santiago Aguado y Compañía) a13 p. ; c23 cm. aTema del discurso: De los derechos imprescriptibles e inalienables 7aDerechos humanos2embne9117702 aUniversidad Central (Madrid)970844 aES-MaACLjT-54-F-10 c68675d68675 001040708Colección_de_folletosaATENEOMbATENEOMcDEPOFd2008-01-17eSCl0oT-54-F-10p1071898r2023-02-23 00:00:00w2023-02-23yFOLLETOS